[Event "eytcc"]
[Site "?"]
[Date "2017.08.23"]
[Round "7.2"]
[White "Perske, Thore"]
[Black "Gokerkan, Cem Kaan"]
[Result "1-0"]
[BlackElo "2357"]
[WhiteElo "2431"]
[LiveChessVersion "1.4.4"]

1. e4 {[%clk 1:30:55]} c5 {[%clk 1:30:04]} 2. Nf3 {[%clk 1:31:08]} d6
{[%clk 1:30:23]} 3. d4 {[%clk 1:31:22]} cxd4 {[%clk 1:30:48]} 4. Nxd4
{[%clk 1:31:40]} Nf6 {[%clk 1:31:10]} 5. Nc3 {[%clk 1:32:04]} a6 {[%clk 1:31:32]}
6. g3 {[%clk 1:32:05]} g6 {[%clk 1:28:45]} 7. Bg2 {[%clk 1:32:01]} Bg7
{[%clk 1:29:09]} 8. O-O {[%clk 1:32:02]} O-O {[%clk 1:29:17]} 9. h3
{[%clk 1:32:04]} Nc6 {[%clk 1:29:17]} 10. Be3 {[%clk 1:32:05]} Bd7
{[%clk 1:28:16]} 11. Nde2 {[%clk 1:31:42]} Rc8 {[%clk 1:25:33]} 12. Nd5
{[%clk 1:30:21]} Nxd5 {[%clk 1:19:38]} 13. exd5 {[%clk 1:30:42]} Na5
{[%clk 1:19:56]} 14. Bd4 {[%clk 1:28:40]} Bxd4 {[%clk 1:19:21]} 15. Nxd4
{[%clk 1:28:54]} e5 {[%clk 1:19:40]} 16. dxe6 {[%clk 1:27:47]} fxe6
{[%clk 1:20:03]} 17. b3 {[%clk 1:20:15]} e5 {[%clk 1:17:59]} 18. Ne2
{[%clk 1:18:13]} Bc6 {[%clk 1:17:53]} 19. c4 {[%clk 1:15:24]} Kg7
{[%clk 1:12:50]} 20. Qd2 {[%clk 1:04:31]} Bxg2 {[%clk 1:11:45]} 21. Kxg2
{[%clk 1:03:47]} Nc6 {[%clk 1:12:07]} 22. Rad1 {[%clk 0:58:10]} Rf6
{[%clk 1:08:58]} 23. f4 {[%clk 0:49:05]} b5 {[%clk 0:54:56]} 24. fxe5
{[%clk 0:42:28]} Rxf1 {[%clk 0:54:58]} 25. Kxf1 {[%clk 0:42:12]} dxe5
{[%clk 0:49:32]} 26. Qxd8 {[%clk 0:36:52]} Rxd8 {[%clk 0:49:54]} 27. Rxd8
{[%clk 0:37:15]} Nxd8 {[%clk 0:50:22]} 28. cxb5 {[%clk 0:37:21]} axb5
{[%clk 0:50:50]} 29. a3 {[%clk 0:37:41]} Nc6 {[%clk 0:49:51]} 30. Nc3
{[%clk 0:25:11]} b4 {[%clk 0:47:08]} 31. axb4 {[%clk 0:25:31]} Nxb4
{[%clk 0:47:35]} 32. Ne4 {[%clk 0:21:46]} Nd3 {[%clk 0:29:45]} 33. Nf2
{[%clk 0:17:41]} Nb4 {[%clk 0:28:16]} 34. Ne4 {[%clk 0:15:23]} Nd3
{[%clk 0:28:35]} 35. Kg2 {[%clk 0:15:02]} h5 {[%clk 0:20:38]} 36. Kf3
{[%clk 0:14:09]} Kf7 {[%clk 0:20:36]} 37. Ke3 {[%clk 0:13:20]} Nb4
{[%clk 0:06:45]} 38. Nc5 {[%clk 0:08:11]} Kf6 {[%clk 0:01:44]} 39. Ke4
{[%clk 0:08:13]} Na2 {[%clk 0:00:49]} 40. Nd7+ {[%clk 0:35:27]} Ke6
{[%clk 0:30:32]} 41. Nxe5 {[%clk 0:31:18]} Nc1 {[%clk 0:28:59]} 42. Nxg6
{[%clk 0:29:18]} Kf6 {[%clk 0:29:21]} 43. Nf4 {[%clk 0:27:37]} h4
{[%clk 0:29:45]} 44. b4 {[%clk 0:18:55]} hxg3 {[%clk 0:29:57]} 45. Kf3
{[%clk 0:19:01]} Na2 {[%clk 0:28:14]} 46. Nd3 {[%clk 0:14:56]} Nc3
{[%clk 0:26:00]} 47. Kxg3 {[%clk 0:15:07]} Kg5 {[%clk 0:26:17]} 48. h4+
{[%clk 0:14:22]} Kf5 {[%clk 0:26:46]} 49. Kf3 {[%clk 0:14:41]} Nb5
{[%clk 0:26:58]} 50. Nf4 {[%clk 0:11:57]} Nd4+ {[%clk 0:26:57]} 51. Kg3
{[%clk 0:12:20]} Nb5 {[%clk 0:26:19]} 52. h5 {[%clk 0:11:43]} Kg5
{[%clk 0:25:58]} 53. Kf3 {[%clk 0:11:52]} Nd6 {[%clk 0:25:29]} 54. Ke3
{[%clk 0:10:57]} Kg4 {[%clk 0:24:29]} 55. h6 {[%clk 0:02:29]} Nf5+
{[%clk 0:24:58]} 56. Ke4 {[%clk 0:02:52]} Nxh6 {[%clk 0:25:27]} 57. Nd3
{[%clk 0:02:14]} Nf5 {[%clk 0:25:43]} 58. Ke5 {[%clk 0:02:28]} Ne3
{[%clk 0:25:31]} 59. b5 {[%clk 0:02:20]} Nc4+ {[%clk 0:25:12]} 60. Kd5
{[%clk 0:02:40]} Nb6+ {[%clk 0:25:20]} 61. Kc6 {[%clk 0:02:47]} Nc4
{[%clk 0:24:41]} 62. Kc5 {[%clk 0:02:54]} Na5 {[%clk 0:25:04]} 63. b6
{[%clk 0:02:11]} Kf5 {[%clk 0:25:28]} 64. Kb5 {[%clk 0:01:57]} Nb7
{[%clk 0:25:53]} 65. Kc6 {[%clk 0:02:22]} Na5+ {[%clk 0:25:35]} 66. Kd5
{[%clk 0:02:05]} Kf6 {[%clk 0:24:15]} 67. Ne5 {[%clk 0:02:28]} Nb7
{[%clk 0:24:21]} 68. Kc6 {[%clk 0:01:02]} Na5+ {[%clk 0:24:24]} 69. Kb5
{[%clk 0:01:28]} Nb7 {[%clk 0:24:53]} 70. Kc6 {[%clk 0:01:51]} Na5+
{[%clk 0:25:22]} 71. Kd6 {[%clk 0:01:57]} Kf5 {[%clk 0:23:34]} 72. Kd5
{[%clk 0:02:18]} Kf6 {[%clk 0:21:52]} 73. Nc4 {[%clk 0:02:34]} Nb7
{[%clk 0:22:20]} 74. Kc6 {[%clk 0:02:48]} Nd8+ {[%clk 0:22:50]} 75. Kd7
{[%clk 0:01:43]} Nb7 {[%clk 0:23:17]} 76. Kc7 {[%clk 0:01:40]} Nc5
{[%clk 0:23:39]} 77. Kc6 {[%clk 0:01:52]} Ne6 {[%clk 0:23:28]} 78. Kd6
{[%clk 0:01:19]} Nd8 {[%clk 0:23:44]} 79. Na5 {[%clk 0:01:23]} Kf7
{[%clk 0:22:57]} 80. Kd7 {[%clk 0:01:47]} Ne6 {[%clk 0:23:26]} 81. Nb3
{[%clk 0:02:02]} Nf8+ {[%clk 0:23:33]} 82. Kd6 {[%clk 0:01:13]} Ke8
{[%clk 0:23:35]} 83. Nc5 {[%clk 0:01:38]} 1-0

[Event "eytcc"]
[Site "?"]
[Date "2017.08.23"]
[Round "7.3"]
[White "Ozen, Deniz"]
[Black "Sawlin, Leonid"]
[Result "0-1"]
[BlackElo "2331"]
[WhiteElo "2380"]
[LiveChessVersion "1.4.4"]

1. e4 {[%clk 1:30:59]} e6 {[%clk 1:30:51]} 2. d4 {[%clk 1:31:24]} d5
{[%clk 1:31:15]} 3. Nc3 {[%clk 1:31:49]} Bb4 {[%clk 1:31:38]} 4. exd5
{[%clk 1:29:33]} exd5 {[%clk 1:31:57]} 5. Bd3 {[%clk 1:29:58]} Nc6
{[%clk 1:32:11]} 6. Nge2 {[%clk 1:30:21]} Nge7 {[%clk 1:30:14]} 7. a3
{[%clk 1:20:53]} Bxc3+ {[%clk 1:28:07]} 8. bxc3 {[%clk 1:21:13]} Bf5
{[%clk 1:28:12]} 9. O-O {[%clk 1:21:03]} O-O {[%clk 1:28:06]} 10. Ng3
{[%clk 1:19:19]} Bxd3 {[%clk 1:04:11]} 11. cxd3 {[%clk 1:19:21]} Qd7
{[%clk 1:04:11]} 12. Qf3 {[%clk 1:13:06]} Rac8 {[%clk 1:03:22]} 13. a4
{[%clk 1:07:20]} Rfe8 {[%clk 1:02:22]} 14. h4 {[%clk 0:59:13]} Nd8
{[%clk 0:56:39]} 15. Re1 {[%clk 0:53:25]} Ne6 {[%clk 0:39:49]} 16. Nh5
{[%clk 0:40:55]} Ng6 {[%clk 0:36:05]} 17. g3 {[%clk 0:37:51]} Qc6
{[%clk 0:31:06]} 18. Bd2 {[%clk 0:36:00]} Red8 {[%clk 0:28:52]} 19. Qf5
{[%clk 0:21:04]} Qd7 {[%clk 0:24:16]} 20. Bh6 {[%clk 0:15:56]} Qd6
{[%clk 0:22:37]} 21. Bc1 {[%clk 0:10:38]} c5 {[%clk 0:21:31]} 22. Ba3
{[%clk 0:10:56]} Qd7 {[%clk 0:21:31]} 23. dxc5 {[%clk 0:09:18]} Nxc5
{[%clk 0:21:13]} 24. Qxd7 {[%clk 0:09:32]} Nxd7 {[%clk 0:21:34]} 25. Rac1
{[%clk 0:08:11]} Nde5 {[%clk 0:21:11]} 26. Re3 {[%clk 0:06:35]} f6
{[%clk 0:21:09]} 27. f4 {[%clk 0:04:53]} Ng4 {[%clk 0:20:23]} 28. Re2
{[%clk 0:05:14]} f5 {[%clk 0:19:56]} 29. Re6 {[%clk 0:01:55]} Re8
{[%clk 0:18:45]} 30. Rd6 {[%clk 0:01:38]} Nf8 {[%clk 0:18:59]} 31. Bb2
{[%clk 0:00:50]} Re2 {[%clk 0:18:43]} 32. Ba1 {[%clk 0:01:10]} Re6
{[%clk 0:16:15]} 33. Rxd5 {[%clk 0:01:07]} g6 {[%clk 0:16:31]} 34. c4
{[%clk 0:01:37]} Ne3 {[%clk 0:16:18]} 35. Rb5 {[%clk 0:01:57]} gxh5
{[%clk 0:15:26]} 36. Rxb7 {[%clk 0:02:25]} Rg6 {[%clk 0:15:46]} 37. Rxa7
{[%clk 0:02:01]} Re8 {[%clk 0:16:15]} 38. Re1 {[%clk 0:01:49]} Rxg3+
{[%clk 0:15:39]} 39. Kf2 {[%clk 0:01:58]} Rg2+ {[%clk 0:15:37]} 40. Kf3
{[%clk 0:32:28]} Ng6 {[%clk 0:44:42]} 41. Bf6 {[%clk 0:28:20]} Rh2
{[%clk 0:44:49]} 42. Kg3 {[%clk 0:27:44]} Rd2 {[%clk 0:43:31]} 43. Rg7+
{[%clk 0:27:09]} Kf8 {[%clk 0:43:48]} 44. Rd7 {[%clk 0:27:20]} Re6
{[%clk 0:40:35]} 45. Rb1 {[%clk 0:23:29]} Re8 {[%clk 0:38:53]} 46. Re1
{[%clk 0:21:31]} Re6 {[%clk 0:30:43]} 47. Rb1 {[%clk 0:21:56]} Nf1+
{[%clk 0:28:25]} 48. Rxf1 {[%clk 0:22:07]} Rxf6 {[%clk 0:28:51]} 49. Rb1
{[%clk 0:19:56]} Kg8 {[%clk 0:29:02]} 50. Rb8+ {[%clk 0:19:04]} Nf8
{[%clk 0:29:23]} 51. a5 {[%clk 0:18:06]} Re6 {[%clk 0:29:39]} 52. Kf3
{[%clk 0:16:34]} Rde2 {[%clk 0:30:02]} 0-1

[Event "eytcc"]
[Site "?"]
[Date "2017.08.23"]
[Round "7.4"]
[White "Lagunow, Raphael"]
[Black "Tuncer, Tuna"]
[Result "1-0"]
[BlackElo "2291"]
[WhiteElo "2358"]
[LiveChessVersion "1.4.4"]

1. Nf3 {[%clk 1:30:57]} Nf6 {[%clk 1:30:45]} 2. g3 {[%clk 1:31:19]} d5
{[%clk 1:30:45]} 3. Bg2 {[%clk 1:31:42]} c5 {[%clk 1:30:06]} 4. O-O
{[%clk 1:31:44]} e6 {[%clk 1:30:25]} 5. c4 {[%clk 1:31:52]} d4 {[%clk 1:30:39]}
6. e3 {[%clk 1:31:09]} Nc6 {[%clk 1:30:48]} 7. exd4 {[%clk 1:31:13]} cxd4
{[%clk 1:31:10]} 8. d3 {[%clk 1:31:30]} Bd6 {[%clk 1:30:48]} 9. a3
{[%clk 1:29:24]} a5 {[%clk 1:30:19]} 10. Nbd2 {[%clk 1:27:03]} h6
{[%clk 1:25:45]} 11. Re1 {[%clk 1:25:24]} O-O {[%clk 1:24:38]} 12. Qc2
{[%clk 1:19:26]} Re8 {[%clk 1:02:09]} 13. Rb1 {[%clk 1:13:27]} Nd7
{[%clk 0:53:24]} 14. b3 {[%clk 1:01:07]} Bf8 {[%clk 0:51:43]} 15. Bb2
{[%clk 0:59:56]} e5 {[%clk 0:47:31]} 16. Re2 {[%clk 0:56:36]} Nc5
{[%clk 0:37:24]} 17. Rbe1 {[%clk 0:48:01]} Qd6 {[%clk 0:37:12]} 18. Rd1
{[%clk 0:41:16]} Bg4 {[%clk 0:34:39]} 19. h3 {[%clk 0:17:10]} Bf5
{[%clk 0:33:20]} 20. Ne1 {[%clk 0:17:26]} Qd7 {[%clk 0:32:29]} 21. Kh2
{[%clk 0:17:17]} Rad8 {[%clk 0:32:29]} 22. Ne4 {[%clk 0:16:50]} Ne6
{[%clk 0:32:24]} 23. Bc1 {[%clk 0:12:20]} Bh7 {[%clk 0:31:59]} 24. Qb1
{[%clk 0:12:10]} f5 {[%clk 0:27:54]} 25. Nd2 {[%clk 0:12:39]} Qc7
{[%clk 0:17:39]} 26. Bd5 {[%clk 0:10:56]} Kh8 {[%clk 0:17:24]} 27. Nef3
{[%clk 0:10:43]} Nc5 {[%clk 0:12:22]} 28. Rde1 {[%clk 0:10:52]} e4
{[%clk 0:06:13]} 29. dxe4 {[%clk 0:09:49]} d3 {[%clk 0:06:09]} 30. Re3
{[%clk 0:08:39]} f4 {[%clk 0:05:21]} 31. gxf4 {[%clk 0:07:43]} Qxf4+
{[%clk 0:05:08]} 32. Kh1 {[%clk 0:05:43]} Bd6 {[%clk 0:04:00]} 33. b4
{[%clk 0:02:11]} axb4 {[%clk 0:04:25]} 34. axb4 {[%clk 0:02:37]} Nxe4
{[%clk 0:03:02]} 35. Bxe4 {[%clk 0:02:27]} Bxe4 {[%clk 0:03:17]} 36. Rxe4
{[%clk 0:02:33]} Rxe4 {[%clk 0:03:41]} 37. Rxe4 {[%clk 0:02:55]} Qf5
{[%clk 0:03:45]} 38. Kg2 {[%clk 0:02:20]} Bxb4 {[%clk 0:03:35]} 39. Rg4
{[%clk 0:01:38]} Rf8 {[%clk 0:02:26]} 40. Bb2 {[%clk 0:31:26]} Rf7
{[%clk 0:32:43]} 41. Qf1 {[%clk 0:29:27]} Bxd2 {[%clk 0:20:36]} 42. Nxd2
{[%clk 0:29:42]} Ne7 {[%clk 0:21:02]} 43. Kg1 {[%clk 0:24:19]} Qe6
{[%clk 0:10:14]} 44. Bd4 {[%clk 0:13:46]} h5 {[%clk 0:04:04]} 45. Re4
{[%clk 0:08:38]} Qg6+ {[%clk 0:03:07]} 46. Qg2 {[%clk 0:08:56]} Qh6
{[%clk 0:03:10]} 47. Be3 {[%clk 0:09:12]} Qf6 {[%clk 0:02:07]} 48. Rd4
{[%clk 0:05:36]} Qf5 {[%clk 0:00:44]} 49. Rd8+ {[%clk 0:05:30]} Kh7
{[%clk 0:00:36]} 50. Ne4 {[%clk 0:04:30]} Rf8 {[%clk 0:01:01]} 51. Rxf8
{[%clk 0:04:32]} Qxf8 {[%clk 0:01:30]} 52. Ng5+ {[%clk 0:04:53]} Kh8
{[%clk 0:00:40]} 53. Qe4 {[%clk 0:04:50]} Nf5 {[%clk 0:01:06]} 54. Qxd3
{[%clk 0:04:37]} g6 {[%clk 0:00:41]} 55. Qd7 {[%clk 0:04:43]} Qe7
{[%clk 0:00:42]} 56. Bd4+ {[%clk 0:04:52]} Kg8 {[%clk 0:01:02]} 57. Qc8+
{[%clk 0:05:14]} 1-0

[Event "eytcc"]
[Site "?"]
[Date "2017.08.23"]
[Round "7.5"]
[White "Zajic, Milan"]
[Black "Winiarski, Mikolaj"]
[Result "1/2-1/2"]
[BlackElo "2269"]
[WhiteElo "2499"]
[LiveChessVersion "1.4.4"]

1. e4 {[%clk 1:30:57]} c5 {[%clk 1:30:50]} 2. Nf3 {[%clk 1:31:12]} Nc6
{[%clk 1:30:58]} 3. d4 {[%clk 1:31:28]} cxd4 {[%clk 1:31:08]} 4. Nxd4
{[%clk 1:31:55]} e5 {[%clk 1:31:27]} 5. Nb5 {[%clk 1:32:07]} d6 {[%clk 1:31:32]}
6. c4 {[%clk 1:31:46]} Be7 {[%clk 1:31:19]} 7. N1c3 {[%clk 1:31:25]} a6
{[%clk 1:31:34]} 8. Na3 {[%clk 1:31:29]} f5 {[%clk 1:31:09]} 9. exf5
{[%clk 1:31:10]} Bxf5 {[%clk 1:31:27]} 10. Bd3 {[%clk 1:30:57]} Be6
{[%clk 1:31:45]} 11. O-O {[%clk 1:29:19]} Nf6 {[%clk 1:31:48]} 12. Nc2
{[%clk 1:26:44]} O-O {[%clk 1:30:37]} 13. b3 {[%clk 1:24:12]} Qd7
{[%clk 1:24:32]} 14. Bb2 {[%clk 1:18:14]} Kh8 {[%clk 1:05:28]} 15. Ne4
{[%clk 1:02:52]} Rab8 {[%clk 0:48:20]} 16. Nxf6 {[%clk 0:54:29]} Bxf6
{[%clk 0:37:17]} 17. Qh5 {[%clk 0:43:16]} Bg8 {[%clk 0:31:34]} 18. Ne3
{[%clk 0:39:18]} b5 {[%clk 0:22:43]} 19. Rad1 {[%clk 0:36:39]} bxc4
{[%clk 0:19:53]} 20. Bxc4 {[%clk 0:30:57]} Bxc4 {[%clk 0:06:32]} 21. Nxc4
{[%clk 0:31:24]} Nd4 {[%clk 0:05:44]} 22. Rd3 {[%clk 0:25:30]} g6
{[%clk 0:04:14]} 23. Qd1 {[%clk 0:25:22]} Bg7 {[%clk 0:02:45]} 24. Bxd4
{[%clk 0:10:51]} exd4 {[%clk 0:03:11]} 25. Nd2 {[%clk 0:10:06]} Qa7
{[%clk 0:00:53]} 26. Nf3 {[%clk 0:05:55]} Rf4 {[%clk 0:01:12]} 27. Qc2
{[%clk 0:04:37]} Qc5 {[%clk 0:00:48]} 28. Rc1 {[%clk 0:02:21]} Qf5
{[%clk 0:00:37]} 29. Rcd1 {[%clk 0:02:03]} Rf8 {[%clk 0:00:48]} 30. R3d2
{[%clk 0:01:22]} Rxf3 {[%clk 0:00:44]} 31. gxf3 {[%clk 0:01:50]} Qxf3
{[%clk 0:01:01]} 32. Rd3 {[%clk 0:01:01]} Qg4+ {[%clk 0:00:56]} 33. Rg3
{[%clk 0:00:59]} Qh5 {[%clk 0:01:24]} 34. Qd3 {[%clk 0:00:41]} Be5
{[%clk 0:01:40]} 35. b4 {[%clk 0:00:47]} Rc8 {[%clk 0:00:56]} 36. a4
{[%clk 0:00:38]} Rc3 {[%clk 0:00:48]} 37. Qd2 {[%clk 0:00:51]} Qf5
{[%clk 0:00:54]} 38. b5 {[%clk 0:00:40]} Rc2 {[%clk 0:01:00]} 39. Qe1
{[%clk 0:00:56]} axb5 40. axb5 {[%clk 0:30:57]} Rb2 {[%clk 0:31:25]} 41. Qf1
{[%clk 0:25:07]} Bxg3 {[%clk 0:20:52]} 42. hxg3 {[%clk 0:16:50]} Qxb5
{[%clk 0:14:46]} 43. Qxb5 {[%clk 0:16:15]} Rxb5 {[%clk 0:15:12]} 44. Rxd4
{[%clk 0:16:40]} d5 {[%clk 0:12:37]} 45. Ra4 {[%clk 0:16:53]} Rb7
{[%clk 0:12:54]} 46. Ra8+ {[%clk 0:17:11]} Kg7 {[%clk 0:13:14]} 47. Rd8
{[%clk 0:17:36]} Rb1+ {[%clk 0:12:24]} 48. Kg2 {[%clk 0:18:04]} Rd1
{[%clk 0:12:50]} 49. Rd7+ 1/2-1/2

[Event "eytcc"]
[Site "?"]
[Date "2017.08.23"]
[Round "7.6"]
[White "Chylewski, Patryk"]
[Black "Djordjevic, Vuk"]
[Result "0-1"]
[BlackElo "2337"]
[WhiteElo "2241"]
[LiveChessVersion "1.4.4"]

1. e4 {[%clk 1:30:55]} e6 {[%clk 1:30:53]} 2. d4 {[%clk 1:31:17]} d5
{[%clk 1:31:21]} 3. Nd2 {[%clk 1:31:39]} Nc6 {[%clk 1:31:48]} 4. Ngf3
{[%clk 1:31:52]} Nf6 {[%clk 1:32:15]} 5. e5 {[%clk 1:32:17]} Nd7 {[%clk 1:32:43]}
6. Bd3 {[%clk 1:32:37]} Nb4 {[%clk 1:32:55]} 7. Be2 {[%clk 1:33:02]} c5
{[%clk 1:33:06]} 8. c3 {[%clk 1:33:25]} Nc6 {[%clk 1:33:12]} 9. O-O
{[%clk 1:33:45]} Be7 {[%clk 1:33:40]} 10. Re1 {[%clk 1:32:34]} O-O
{[%clk 1:32:38]} 11. Bd3 {[%clk 1:26:38]} f6 {[%clk 1:32:28]} 12. exf6
{[%clk 1:23:00]} Nxf6 {[%clk 1:32:32]} 13. Nf1 {[%clk 1:21:20]} cxd4
{[%clk 1:31:52]} 14. cxd4 {[%clk 1:21:39]} Qb6 {[%clk 1:31:34]} 15. Ng3
{[%clk 1:17:22]} Bd6 {[%clk 1:17:59]} 16. a3 {[%clk 1:10:56]} Bd7
{[%clk 1:15:23]} 17. b4 {[%clk 1:07:03]} a6 {[%clk 0:57:11]} 18. Bb2
{[%clk 1:04:22]} Rae8 {[%clk 0:47:00]} 19. Ne5 {[%clk 1:00:59]} Re7
{[%clk 0:45:31]} 20. Rb1 {[%clk 0:34:30]} Be8 {[%clk 0:36:22]} 21. Bc3
{[%clk 0:30:00]} Qc7 {[%clk 0:19:46]} 22. Rc1 {[%clk 0:17:12]} Qb6
{[%clk 0:17:59]} 23. Rb1 {[%clk 0:16:31]} Qc7 {[%clk 0:12:56]} 24. Rc1
{[%clk 0:10:15]} Qd8 {[%clk 0:13:23]} 25. Ba1 {[%clk 0:08:46]} Qb6
{[%clk 0:08:27]} 26. Bc3 {[%clk 0:06:01]} g6 {[%clk 0:06:01]} 27. Bc2
{[%clk 0:04:50]} Bxe5 {[%clk 0:04:57]} 28. dxe5 {[%clk 0:04:40]} Nd7
{[%clk 0:05:26]} 29. Qd2 {[%clk 0:03:55]} Ref7 {[%clk 0:02:11]} 30. Rf1
{[%clk 0:01:31]} Ndxe5 {[%clk 0:01:35]} 31. Bb3 {[%clk 0:00:40]} Ng4
{[%clk 0:01:18]} 32. Rc2 {[%clk 0:00:50]} Rxf2 {[%clk 0:00:54]} 33. Rxf2
{[%clk 0:00:37]} Rxf2 {[%clk 0:01:13]} 34. Qxf2 {[%clk 0:00:34]} Nxf2
{[%clk 0:01:39]} 35. Rxf2 {[%clk 0:01:01]} Qe3 {[%clk 0:01:56]} 36. Ne2
{[%clk 0:01:27]} d4 {[%clk 0:02:06]} 37. Nf4 {[%clk 0:00:41]} Bf7
{[%clk 0:01:47]} 38. Bxe6 {[%clk 0:00:33]} Bxe6 {[%clk 0:02:04]} 39. Bd2
{[%clk 0:00:44]} Qb3 {[%clk 0:01:52]} 40. Nxe6 {[%clk 0:30:58]} Qxe6
{[%clk 0:32:08]} 41. Bh6 {[%clk 0:31:18]} Qe1+ {[%clk 0:32:19]} 42. Rf1
{[%clk 0:31:43]} Qe7 {[%clk 0:32:32]} 0-1

[Event "eytcc"]
[Site "?"]
[Date "2017.08.23"]
[Round "7.7"]
[White "Radovanovic, Mihajlo"]
[Black "Kokoszczynski, Jan"]
[Result "1-0"]
[BlackElo "2126"]
[WhiteElo "2357"]
[LiveChessVersion "1.4.4"]

1. d4 {[%clk 1:30:56]} d5 {[%clk 1:30:37]} 2. c4 {[%clk 1:31:18]} c6
{[%clk 1:30:35]} 3. Nc3 {[%clk 1:21:29]} Nf6 {[%clk 1:30:51]} 4. e3
{[%clk 1:21:39]} e6 {[%clk 1:28:41]} 5. Nf3 {[%clk 1:21:42]} Bd6 {[%clk 1:28:24]}
6. Bd3 {[%clk 1:20:02]} Nbd7 {[%clk 1:24:03]} 7. O-O {[%clk 1:15:36]} O-O
{[%clk 1:22:37]} 8. e4 {[%clk 1:16:01]} dxc4 {[%clk 1:09:59]} 9. Bxc4
{[%clk 1:16:23]} e5 {[%clk 1:10:17]} 10. h3 {[%clk 1:04:01]} Qe7 {[%clk 0:58:51]}
11. Re1 {[%clk 0:47:06]} h6 {[%clk 0:52:41]} 12. Nh4 {[%clk 0:43:00]} Nb6
{[%clk 0:43:28]} 13. Ng6 {[%clk 0:36:42]} Qc7 {[%clk 0:38:19]} 14. Bb3
{[%clk 0:33:43]} Rd8 {[%clk 0:34:19]} 15. Qf3 {[%clk 0:27:18]} Re8
{[%clk 0:27:45]} 16. dxe5 {[%clk 0:15:01]} Bxe5 {[%clk 0:27:42]} 17. Nxe5
{[%clk 0:14:13]} Qxe5 {[%clk 0:28:02]} 18. Bf4 {[%clk 0:13:14]} Qh5
{[%clk 0:22:12]} 19. Qg3 {[%clk 0:13:08]} Be6 {[%clk 0:20:39]} 20. Bd1
{[%clk 0:13:13]} Qg6 {[%clk 0:20:32]} 21. Qxg6 {[%clk 0:13:33]} fxg6
{[%clk 0:20:58]} 22. h4 {[%clk 0:11:44]} a5 {[%clk 0:17:43]} 23. Bc7
{[%clk 0:10:43]} Nc4 {[%clk 0:14:17]} 24. b3 {[%clk 0:11:02]} Rec8
{[%clk 0:13:34]} 25. Bf4 {[%clk 0:11:13]} Nb6 {[%clk 0:11:13]} 26. Bc2
{[%clk 0:10:12]} Kf7 {[%clk 0:10:42]} 27. Be3 {[%clk 0:07:26]} Nbd7
{[%clk 0:10:35]} 28. f3 {[%clk 0:07:17]} b5 {[%clk 0:08:59]} 29. g4
{[%clk 0:06:44]} a4 {[%clk 0:04:59]} 30. g5 {[%clk 0:04:27]} hxg5
{[%clk 0:05:07]} 31. hxg5 {[%clk 0:04:56]} Ne8 {[%clk 0:03:08]} 32. f4
{[%clk 0:04:59]} Nd6 {[%clk 0:03:12]} 33. Rad1 {[%clk 0:04:06]} axb3
{[%clk 0:02:44]} 34. axb3 {[%clk 0:04:29]} Ke7 {[%clk 0:02:35]} 35. Bd4
{[%clk 0:03:17]} b4 {[%clk 0:03:02]} 36. Na4 {[%clk 0:03:09]} c5 {[%clk 0:02:22]}
37. Bxg7 {[%clk 0:03:03]} Ne8 {[%clk 0:02:00]} 38. Bb2 {[%clk 0:02:17]} c4
{[%clk 0:02:17]} 39. f5 {[%clk 0:01:39]} cxb3 {[%clk 0:00:40]} 40. fxe6
{[%clk 0:31:46]} bxc2 {[%clk 0:30:38]} 41. exd7 {[%clk 0:30:26]} cxd1=Q
{[%clk 0:25:49]} 42. dxc8=N+ {[%clk 0:30:43]} Rxc8 {[%clk 0:26:15]} 43. Rxd1
{[%clk 0:31:05]} Nd6 {[%clk 0:26:24]} 44. Bf6+ {[%clk 0:28:13]} Ke6
{[%clk 0:26:11]} 45. Rd5 {[%clk 0:27:52]} 1-0

[Event "eytcc"]
[Site "?"]
[Date "2017.08.23"]
[Round "7.8"]
[White "Sanz Wawer, Daniel"]
[Black "Ivic, Velimir"]
[Result "0-1"]
[BlackElo "2383"]
[WhiteElo "1972"]
[LiveChessVersion "1.4.4"]

1. d4 {[%clk 1:30:56]} Nf6 {[%clk 1:30:55]} 2. c4 {[%clk 1:31:19]} g6
{[%clk 1:31:22]} 3. f3 {[%clk 1:31:37]} Bg7 {[%clk 1:31:47]} 4. e4
{[%clk 1:31:58]} d6 {[%clk 1:32:14]} 5. Nc3 {[%clk 1:32:16]} O-O {[%clk 1:32:40]}
6. Nge2 {[%clk 1:32:37]} c5 {[%clk 1:32:43]} 7. d5 {[%clk 1:32:55]} e6
{[%clk 1:30:42]} 8. Ng3 {[%clk 1:33:07]} exd5 {[%clk 1:25:43]} 9. cxd5
{[%clk 1:33:25]} Nbd7 {[%clk 1:17:42]} 10. Be2 {[%clk 1:33:04]} a6
{[%clk 1:09:15]} 11. a4 {[%clk 1:33:22]} h5 {[%clk 1:09:02]} 12. Bg5
{[%clk 1:33:38]} Qe8 {[%clk 1:07:19]} 13. Qd2 {[%clk 1:33:47]} Nh7
{[%clk 0:57:19]} 14. Bh6 {[%clk 1:34:01]} f5 {[%clk 0:43:09]} 15. Bxg7
{[%clk 1:33:45]} Kxg7 {[%clk 0:43:28]} 16. exf5 {[%clk 1:33:20]} gxf5
{[%clk 0:42:18]} 17. Nf1 {[%clk 1:33:08]} Ne5 {[%clk 0:31:39]} 18. f4
{[%clk 1:20:37]} Ng6 {[%clk 0:29:15]} 19. O-O-O {[%clk 1:09:04]} Nf6
{[%clk 0:28:20]} 20. Ne3 {[%clk 1:04:10]} b5 {[%clk 0:13:50]} 21. axb5
{[%clk 0:57:35]} Ne4 {[%clk 0:11:03]} 22. Nxe4 {[%clk 0:56:40]} Qxe4
{[%clk 0:11:20]} 23. Bd3 {[%clk 0:47:35]} Qd4 {[%clk 0:07:03]} 24. g3
{[%clk 0:33:31]} Ne7 {[%clk 0:00:45]} 25. bxa6 {[%clk 0:21:11]} Bxa6
{[%clk 0:00:44]} 26. Bxa6 {[%clk 0:19:09]} Qxd2+ {[%clk 0:00:45]} 27. Kxd2
{[%clk 0:18:10]} Rxa6 {[%clk 0:01:12]} 28. Kc3 {[%clk 0:05:26]} h4
{[%clk 0:00:50]} 29. Rhe1 {[%clk 0:04:37]} Rf6 {[%clk 0:00:38]} 30. Ng2
{[%clk 0:01:49]} Kf7 {[%clk 0:00:31]} 31. Nxh4 {[%clk 0:01:50]} Ke8
{[%clk 0:00:33]} 32. Nf3 {[%clk 0:00:52]} Kd7 {[%clk 0:01:01]} 33. Ng5
{[%clk 0:00:57]} Rf8 {[%clk 0:01:07]} 34. h4 {[%clk 0:00:51]} Rb8
{[%clk 0:01:19]} 35. b3 {[%clk 0:00:36]} Ra3 {[%clk 0:00:47]} 36. Rb1
{[%clk 0:00:34]} Nxd5+ {[%clk 0:00:54]} 37. Kc2 {[%clk 0:00:44]} Ra2+
{[%clk 0:01:21]} 38. Kd3 {[%clk 0:00:33]} Rb4 {[%clk 0:00:58]} 39. Nf3
{[%clk 0:00:39]} Re4 {[%clk 0:00:43]} 40. Rbc1 {[%clk 0:30:35]} Nb4+
{[%clk 0:30:50]} 41. Kc3 {[%clk 0:30:34]} Rf2 {[%clk 0:21:32]} 42. Kd4 0-1

[Event "eytcc"]
[Site "?"]
[Date "2017.08.23"]
[Round "7.9"]
[White "Morozov, Nichita"]
[Black "Matviishen, Viktor"]
[Result "1-0"]
[BlackElo "2433"]
[WhiteElo "2458"]
[LiveChessVersion "1.4.4"]

1. d4 {[%clk 1:30:58]} d5 {[%clk 1:30:28]} 2. c4 {[%clk 1:31:16]} c6
{[%clk 1:30:54]} 3. Nf3 {[%clk 1:31:41]} Nf6 {[%clk 1:31:19]} 4. Nc3
{[%clk 1:31:38]} a6 {[%clk 1:31:25]} 5. e3 {[%clk 1:32:04]} Bf5 {[%clk 1:30:14]}
6. Bd3 {[%clk 1:32:25]} Bxd3 {[%clk 1:30:33]} 7. Qxd3 {[%clk 1:32:52]} e6
{[%clk 1:29:58]} 8. O-O {[%clk 1:33:13]} Nbd7 {[%clk 1:27:21]} 9. e4
{[%clk 1:31:35]} dxe4 {[%clk 1:27:33]} 10. Nxe4 {[%clk 1:32:03]} Be7
{[%clk 1:27:39]} 11. b3 {[%clk 1:31:50]} c5 {[%clk 1:23:09]} 12. Bb2
{[%clk 1:25:34]} cxd4 {[%clk 1:23:21]} 13. Qxd4 {[%clk 1:25:42]} O-O
{[%clk 1:21:07]} 14. Ne5 {[%clk 1:19:47]} Nxe5 {[%clk 1:17:09]} 15. Qxe5
{[%clk 1:20:15]} Qd3 {[%clk 1:15:35]} 16. Rae1 {[%clk 1:15:19]} Rfd8
{[%clk 1:11:19]} 17. Re3 {[%clk 1:12:17]} Qc2 {[%clk 1:11:35]} 18. h3
{[%clk 1:01:37]} Rd3 {[%clk 1:07:14]} 19. Re2 {[%clk 1:01:51]} 1-0